| 000 | 00885cab a2200253 4500 | ||
|---|---|---|---|
| 001 | ABS59534 | ||
| 008 | 090401t1998 xxu||||| |||| 00| 0 eng d | ||
| 035 | _a(Sirsi) u89447 | ||
| 041 | _aeng | ||
| 100 | _aAllred, G. | ||
| 245 | _aEthics for the global surveying community | ||
| 260 | _c1998 | ||
| 350 | _a0 | ||
| 490 |
_aAustralian Surveyor _v43(3) September 1998, 153-159(7) |
||
| 520 | _aReports on the principles and construction of a draft international code of ethics for the surveying profession, as proposed by the International Federation of Surveyors. Copy of the model code included. | ||
| 650 | _aCODE OF CONDUCT | ||
| 650 | _aCODE OF ETHICS | ||
| 650 | _aFIG | ||
| 650 | _aINTERNATIONAL FEDERATION OF SURVEYORS | ||
| 650 | _aINTERNATIONAL STANDARDS | ||
| 690 | _aMANAGEMENT-BUSINESS MANAGEMENT-PROFESSIONAL PRACTICE | ||
| 942 | _n0 | ||
| 948 | _c03/11/1998 | ||
| 999 |
_c56588 _d56588 |
||